Meranie, regulácia a systémy kontroly riadenia v energetike celoštátná konferencia

Guardado en:
Detalles Bibliográficos
Formato: Libro
Lenguaje:eslovaco
Publicado: Bratislava Dom techniky ČSVTS 1984
Etiquetas: Agregar Etiqueta
Sin Etiquetas, Sea el primero en etiquetar este registro!

MARC

LEADER 00000nam a2200000 4500
001 c117118
005 20041019155206.6
041 0 |a slo 
044 |a SK 
245 1 0 |a Meranie, regulácia a systémy kontroly riadenia v energetike  |b celoštátná konferencia 
264 1 |a Bratislava  |b Dom techniky ČSVTS  |c 1984 
300 |a 154 s.